00621nam a2200193 a 450000100060000000300090000600800410001502000150005604000280007108200170009910000330011624501210014926000390027030000110030965000240032065000260034465000280037065000290039817630CO-ViMGA141112s2004 ck r 000 u spa d a9586761991 aCO-ViMGAbspacCO-ViMGA04a324.86 P116d1 aPabón Parra, Pedro Alfonso10aDelitos electorales . El proceso electoral , los mecanismos de participación democrática y su protección penal aBogotá, cDoctrina y ley, c2002 a381.p.14aDELITOS ELECTORALES14aELECCIONES - COLOMBIA14aPARTICIPACION CIUDADANA14aPARTICIPACION POLÍTICA